Scientific thinking / (Record no. 11514)

MARC details
000 -LEADER
fixed length control field 00859cam a2200277 i 4500
001 - CONTROL NUMBER
control field 1323950
003 - CONTROL NUMBER IDENTIFIER
control field EG-ScBUE
005 - DATE AND TIME OF LATEST TRANSACTION
control field 20240821144122.0
008 - FIXED-LENGTH DATA ELEMENTS--GENERAL INFORMATION
fixed length control field 710121s2000 onc f b 001 0 eng d
020 ## - INTERNATIONAL STANDARD BOOK NUMBER
International Standard Book Number 1551111306
020 ## - INTERNATIONAL STANDARD BOOK NUMBER
International Standard Book Number 9781551111308
040 ## - CATALOGING SOURCE
Original cataloging agency DLC
Language of cataloging eng
Description conventions rda
Transcribing agency DLC
Modifying agency DLC
-- EG-ScBUE
082 04 - DEWEY DECIMAL CLASSIFICATION NUMBER
Classification number 501
Edition number 22
Item number MAR
100 1# - MAIN ENTRY--PERSONAL NAME
Personal name Martin, Robert M.,
Relator term author.
9 (RLIN) 4650
245 14 - TITLE STATEMENT
Title Scientific thinking /
Statement of responsibility, etc by Robert M. Martin.
264 #1 - PUBLICATION, DISTRIBUTION, ETC. (IMPRINT)
Place of publication, distribution, etc Toronto, Ontario :
Name of publisher, distributor, etc Broadview Press,
Date of publication, distribution, etc 2000.
300 ## - PHYSICAL DESCRIPTION
Extent viii, 333 pages ;
Dimensions 24 cm
336 ## - CONTENT TYPE
Source rdacontent
Content type term text
Content type code txt
337 ## - MEDIA TYPE
Media type term unmediated
Source rdamedia
Media type code n
338 ## - CARRIER TYPE
Carrier type term volume
Carrier type code nc
Source rdacarrier
504 ## - BIBLIOGRAPHY, ETC. NOTE
Bibliography, etc Includes bibliographical references and index.<br/>
650 #7 - SUBJECT ADDED ENTRY--TOPICAL TERM
Topical term or geographic name as entry element Theory (Philosophy)
Source of heading or term BUEsh
9 (RLIN) 4651
650 #7 - SUBJECT ADDED ENTRY--TOPICAL TERM
Topical term or geographic name as entry element Science
General subdivision Philosophy.
Source of heading or term BUEsh
9 (RLIN) 4652
655 ## - INDEX TERM--GENRE/FORM
Form subdivision Reading book
942 ## - ADDED ENTRY ELEMENTS (KOHA)
Source of classification or shelving scheme Dewey Decimal Classification
Koha item type Book - Borrowing
Holdings
Withdrawn status Lost status Source of classification or shelving scheme Damaged status Not for loan Collection code Home library Current library Shelving location Date acquired Source of acquisition Total Checkouts Total Renewals Full call number Barcode Date last seen Date checked out Price effective from Koha item type
    Dewey Decimal Classification       Central Library Central Library First floor 24/05/2009   10 10 501 MAR 000016116 15/07/2025 28/03/2021 24/05/2009 Book - Borrowing
    Dewey Decimal Classification       Central Library Central Library First floor 24/05/2009       501 MAR 000016117 15/07/2025   24/05/2009 NB - Book (Non borrowing)